Integrating and Systematizing the Results of Scientific Research Activities in the Field of Consumer Protection, with a Primary Focus on Food Security, in Order to Model Adequate Consumer Behaviour Research Papers

Saved in:
Bibliographic Details
Main Author: Dubcová, Gabriela, 1968-
Corporate Author: Ekonomická univerzita v Bratislave. Fakulta podnikového manažmentu
Other Authors: Suchánek, Petr, Grisáková, Nora, 1978-
Format: Book
Language:English
Slovak
Published: Brno Masaryk University Press 2020
Edition:1st Edition
Subjects:
Tags: Add Tag
No Tags, Be the first to tag this record!

MARC

LEADER 00000nam a2200000 4500
001 0271557
005 20240523122241.4
020 |a 978-80-210-9756-8 
041 0 |a eng 
041 0 |a slo 
044 |a CZ 
245 1 0 |a Integrating and Systematizing the Results of Scientific Research Activities in the Field of Consumer Protection, with a Primary Focus on Food Security, in Order to Model Adequate Consumer Behaviour  |b Research Papers  |c Gabriela Dubcová ... [et al.] ; Reviewers: Petr Suchánek, Grisáková Norika 
250 |a 1st Edition 
264 1 |a Brno  |b Masaryk University Press  |c 2020 
300 |a 87 s. 
610 2 0 |a ochrana spotrebiteľa 
610 2 0 |a bezpečnosť potravinová 
610 2 0 |a správanie spotrebiteľa 
100 1 |a Dubcová, Gabriela, 1968- 
700 1 |a Suchánek, Petr 
700 1 |a Grisáková, Nora, 1978- 
710 2 |a Ekonomická univerzita v Bratislave. Fakulta podnikového manažmentu